export_success — 

Jobs for women : a plea for equality of opportunity, technical education, vocational training, and employment /

Saved in:
Bibliographic Details
Main Author: Borcelle, Germaine.
Format: Book
Language:English
Published: Paris : Unesco, 1985.
Subjects:
Tags: Add Tag
No Tags, Be the first to tag this record!
LEADER 00862nam a2200265 a 4500
001 000410061-1
005 20020606090541.3
008 860220s1985 fr a b i00010 eng
010 |a  86121098  
020 |a 9231021338 (pbk.) 
035 0 |a ocm12713045 
040 |a DLC  |c DLC  |d m/c  |d HLS 
050 0 |a HD6059.5  |b .B67 1985 
082 0 |a 331.4/133  |2 19 
100 1 |a Borcelle, Germaine. 
245 1 0 |a Jobs for women :  |b a plea for equality of opportunity, technical education, vocational training, and employment /  |c Germaine Borcelle. 
260 0 |a Paris :  |b Unesco,  |c 1985. 
300 |a 165 p. :  |b ill. ;  |c 21 cm. 
504 |a Includes bibliographical references. 
650 0 |a Occupational training for women. 
650 0 |a Women  |x Vocational guidance. 
650 0 |a Women  |x Employment. 
650 0 |a Discrimination in employment. 
988 |a 20020608 
906 |0 DLC